Statistics for Orlando Magic: Most 3-PT FGs Each Year

Click here to take the quiz!

General Stats

  • This quiz has been taken 120 times
    (2 since last reset)
  • The average score is 14 of 35

Answer Stats

YearPlayer3-PT FGs% Correct
2006-2007Hedo Turkoglu109
100%
2004-2005Hedo Turkoglu93
100%
2005-2006Hedo Turkoglu114
100%
1989-1990Scott Skiles52
100%
1991-1992Scott Skiles91
100%
2002-2003Tracy McGrady173
100%
2003-2004Tracy McGrady174
100%
2021-2022Cole Anthony132
50%
1993-1994Dennis Scott155
50%
1995-1996Dennis Scott267
50%
1996-1997Dennis Scott147
50%
1990-1991Dennis Scott125
50%
1992-1993Dennis Scott108
50%
2023-2024Jalen Suggs153
50%
2000-2001Mike Miller148
50%
1998-1999Nick Anderson96
50%
1994-1995Nick Anderson179
50%
1997-1998Nick Anderson77
50%
2010-2011Ryan Anderson134
50%
2011-2012Ryan Anderson166
50%
2014-2015Channing Frye136
0%
1999-2000Darrell Armstrong137
0%
2015-2016Evan Fournier156
0%
2016-2017Evan Fournier128
0%
2017-2018Evan Fournier127
0%
2022-2023Franz Wagner130
0%
2013-2014Jameer Nelson136
0%
2012-2013Jameer Nelson121
0%
2020-2021Nikola Vučević117
0%
2001-2002Pat Garrity169
0%
2009-2010Rashard Lewis168
0%
2007-2008Rashard Lewis226
0%
2008-2009Rashard Lewis220
0%
2019-2020Terrence Ross177
0%
2018-2019Terrence Ross217
0%

Score Distribution

Percentile by Number Answered

Percent of People with Each Score

Your Score History

You have not taken this quiz since the last reset